000 00721cam a22002653a 4500
001 32360
003 PGUSA
005 20140828083712.0
008 100513s2010||||xxu|||||s|||||000 1 eng d
040 _aPGUSA
_beng
042 _adc
050 4 _aPS
100 1 _aBixby, Jerome,
_d1923-1998
245 1 4 _aThe Holes Around Mars
_h[electronic resource] /
_cJerome Bixby
260 _bProject Gutenberg,
_c2010
506 _aPublic domain in the USA.
516 _aElectronic text
653 _aShort stories
653 _aScience fiction
653 _aMars (Planet) -- Fiction
700 1 _aFrancis, Dick
830 0 _aProject Gutenberg
_v32360
856 4 0 _uhttp://www.gutenberg.org/ebooks/32360
942 _cEB
999 _c261615
_d261615